Statistiques concernant Le quiz le plus facile au monde n°3

Cliquez ici pour prendre le quiz!

Statistiques générales

  • Ce quiz a été pris 390 fois
    (350 depuis la dernière actualisation)
  • Le résultat moyen est 13 sur 15

Statistiques - réponses

QuestionsIndicesRéponses% Correct
Lequel est le plus habité ?Vatican ou ChineChine
100%
Lequel est le plus grand ?Vatican ou RussieRussie
100%
C'est quoi l'animal d'énergizer ?Un (horrible) petit lapin.Lapin
96%
Si on étire un carré, qu'est-ce-que ça devient ?Un rect...Rectangle
95%
Complétez le mot suivant.Canad_Canada
94%
Qu'est-ce-que ça donne 10+9 ?21Dix-neuf
94%
As-tu un compte Jetpunk ?Oui ou NonOui/Non
94%
Combien de bulles souffle le poisson de Jetpunk ?1,2,3,...Quatre
92%
Je suis quel niveau ?3535
91%
Quel est le symbole de Apple ?La pomme mangéePomme
91%
Qui a crée Undertale ?Je crois que c'est Toby FoxToby Fox
91%
Quel mot on obtient si on change une lettre du mot «dad» ?L'un des geste des plus connu.Dab
75%
Comment se nomme cette personne ?LeBron _____James
68%
Que veut dire FDT ?F### Donald TrumpF### Donald Trump
66%
The taste of the _____Voir les quiz de Dede 25021.Poire
8%

Distribution des résultats

Percentile par nombre de réponses

% des personnes avec chaque résultat

Votre développement - résultats

Vous n’avez pas pris ce quiz depuis la dernière actualisation